Síntesis del derecho civil: Sucesión por causa de muerte y donaciones entre vivos: síntesis del derecho civil
Saved in:
| Hovedforfatter: | |
|---|---|
| Format: | Bog |
| Sprog: | spansk |
| Udgivet: |
Santiago
Jurídica La Ley
1994
|
| Serier: | Manuales Universitarios
|
| Fag: | |
| Tags: |
Tilføj Tag
Ingen Tags, Vær først til at tagge denne postø!
|
MARC
| LEADER | 00000nam a2200000 a 4500 | ||
|---|---|---|---|
| 001 | UCU1396 | ||
| 003 | CL-VaPUC | ||
| 008 | 960404e19940000CL |||||||||||||||||spa|d | ||
| 082 | 0 | 4 | |a 346.052 |b KIV |2 21 |
| 100 | |a Kiverstein Hoijman, Abraham |e author |9 574456 | ||
| 245 | 1 | 0 | |a Síntesis del derecho civil: Sucesión por causa de muerte y donaciones entre vivos: síntesis del derecho civil |
| 300 | |a 394 p | ||
| 942 | |c BK | ||
| 945 | |d 19960404 00:00:00 |a rleighto | ||
| 260 | |a Santiago |b Jurídica La Ley |c 1994 | ||
| 650 | 0 | |a Derecho sucesorio |9 255015 | |
| 650 | 0 | |a Herencia |9 256325 | |
| 650 | 0 | |a Herederos |9 357054 | |
| 650 | 0 | |a Testamento |9 258220 | |
| 650 | 7 | |a TESTAMENTO SOLEMNE |2 CL-VaPUC |9 357055 | |
| 651 | 7 | |a CHILE |2 CL-VaPUC |9 357056 | |
| 583 | |a last modification |c 20140529 02:05:27 |k Rodrigo Vera | ||
| 490 | 0 | |a Manuales Universitarios | |
| 999 | |c 246041 |d 246039 | ||
| 952 | |0 0 |1 0 |4 0 |6 346_052000000000000_KIV_1994 |7 0 |8 A |9 260764 |a BIBDER |b BIBDER |d 2019-11-19 |i 3187330 |l 1 |m 3 |o 346.052 KIV 1994 |p 3187330 |q 2025-12-31 |r 2020-03-13 |s 2020-03-13 |w 2019-11-19 |y BK |k DER | ||